Southville International School and Colleges
Your cart is empty.
  • Cart
  • Lists
    Public lists Eva Luna New books Lux_list list_1
    Your lists Log in to create your own lists
  • Log in to your account
  • Your cookies
  • Search history
Southville International School and Colleges
  • Advanced search
  • Recent comments
  • Most popular
  • Libraries

Log in to your account

Log in with GOOGLE


If you do not have an external account, but do have a local account, you can still log in:

  1. Home
  2. MARC view: Aristophane; Traduction nouvelle, tome second
Normal view MARC view ISBD view

Aristophane; Traduction nouvelle, tome second (Record no. 249919)

[ view plain ]
MARC details
000 -LEADER
fixed length control field 01008cam a22002893a 4500
001 - CONTROL NUMBER
control field 20664
003 - CONTROL NUMBER IDENTIFIER
control field PGUSA
005 - DATE AND TIME OF LATEST TRANSACTION
control field 20140828083436.0
008 - FIXED-LENGTH DATA ELEMENTS--GENERAL INFORMATION
fixed length control field 070225s2007||||xxu|||||s|||||000 | eng d
040 ## - CATALOGING SOURCE
Original cataloging agency PGUSA
Language of cataloging eng
042 ## - AUTHENTICATION CODE
Authentication code dc
050 #4 - LIBRARY OF CONGRESS CALL NUMBER
Classification number PA
100 1# - MAIN ENTRY--PERSONAL NAME
Personal name Aristophanes,
Dates associated with a name -450--388
245 10 - TITLE STATEMENT
Title Aristophane; Traduction nouvelle, tome second
Medium [electronic resource] /
Statement of responsibility, etc Aristophanes
260 ## - PUBLICATION, DISTRIBUTION, ETC. (IMPRINT)
Name of publisher, distributor, etc Project Gutenberg,
Date of publication, distribution, etc 2007
505 0# - FORMATTED CONTENTS NOTE
Formatted contents note Les oiseaux -- Lysistrata -- Les Thesmophoriazouses, ou Les femmes aux fêtes de Demeter -- Les grenouilles -- Les Ekklesiazouses, ou l'Assemblée des femmes -- Ploutos.
506 ## - RESTRICTIONS ON ACCESS NOTE
Terms governing access Public domain in the USA.
516 ## - TYPE OF COMPUTER FILE OR DATA NOTE
Type of computer file or data note Electronic text
653 ## - INDEX TERM--UNCONTROLLED
Uncontrolled term Aristophanes -- Translations into French
653 ## - INDEX TERM--UNCONTROLLED
Uncontrolled term Comedies
653 ## - INDEX TERM--UNCONTROLLED
Uncontrolled term Athens (Greece) -- Drama
700 1# - ADDED ENTRY--PERSONAL NAME
Personal name Talbot, Eugène,
Dates associated with a name 1814-1894
700 1# - ADDED ENTRY--PERSONAL NAME
Personal name Sully Prudhomme,
Dates associated with a name 1839-1907
830 #0 - SERIES ADDED ENTRY--UNIFORM TITLE
Uniform title Project Gutenberg
Volume number/sequential designation 20664
856 40 - ELECTRONIC LOCATION AND ACCESS
Uniform Resource Identifier <a href="http://www.gutenberg.org/ebooks/20664">http://www.gutenberg.org/ebooks/20664</a>
942 ## - ADDED ENTRY ELEMENTS (KOHA)
Koha item type eBooks
Holdings
Withdrawn status Lost status Damaged status Home library Current library Date acquired Total Checkouts Date last seen Price effective from Koha item type
      Project Gutenberg Project Gutenberg 08/28/2014   08/28/2014 08/28/2014 eBooks

Aristophane; Traduction nouvelle, tome second

APA

Aristophanes, Talbot E. & Sully Prudhomme. (2007). Aristophane; Traduction nouvelle, tome second. : Project Gutenberg.

Chicago

Aristophanes, Talbot Eugène and Sully Prudhomme. 2007. Aristophane; Traduction nouvelle, tome second. : Project Gutenberg.

Harvard

Aristophanes, Talbot E. and Sully Prudhomme. (2007). Aristophane; Traduction nouvelle, tome second. : Project Gutenberg.

MLA

Aristophanes, Talbot Eugène and Sully Prudhomme. Aristophane; Traduction nouvelle, tome second. : Project Gutenberg. 2007.

  • Place hold
  • Print
  • Cite
  • Add to your cart (remove)
  • Save record
    BIBTEX Dublin Core MARCXML MARC (non-Unicode/MARC-8) MARC (Unicode/UTF-8) MARC (Unicode/UTF-8, Standard) MODS (XML) RIS
  • More searches
    Search for this title in:
    Other Libraries (WorldCat) Other Databases (Google Scholar) Online Stores (Bookfinder.com) Open Library (openlibrary.org)

Exporting to Dublin Core...

SOUTHVILLE LIBRARY

Southville International School and Colleges Library

1281 Tropical Ave. Cor. Luxembourg St., BF Homes International, Las Pinas City

Tel. No. 8256374 / 252358 Loc. 117/146

Powered by Koha